Catálogo
 En Linea

Breve historia de la devoción y culto a la Sma. Virgen de la Altagracia / (Registro nro. 26077)

Detalles MARC
000 -CABECERA
campo de control de longitud fija 00777nam a2200205 a 4500
001 - NÚMERO DE CONTROL
campo de control 000026585
005 - FECHA Y HORA DE LA ÚLTIMA TRANSACCIÓN
campo de control 20200930030310.0
008 - DATOS DE LONGITUD FIJA--INFORMACIÓN GENERAL
campo de control de longitud fija 110323s1989 dr ac 000 0 spa d
040 ## - FUENTE DE LA CATALOGACIÓN
Centro catalogador/agencia de origen DO-SdBNP
Lengua de catalogación spa
Centro/agencia transcriptor BNPHU
082 ## - NÚMERO DE LA CLASIFICACIÓN DECIMAL DEWEY
Número de clasificación 232.91097293
Número de documento/Ítem R696b
100 1# - ENTRADA PRINCIPAL--NOMBRE DE PERSONA
Nombre de persona Rodríguez Botello, Atilio
9 (RLIN) 53696
245 10 - MENCIÓN DE TÍTULO
Título Breve historia de la devoción y culto a la Sma. Virgen de la Altagracia /
Mención de responsabilidad, etc. Atilio Rodríguez Botello.
260 ## - PUBLICACIÓN, DISTRIBUCIÓN, ETC.
Lugar de publicación, distribución, etc. Santo Domingo :
Nombre del editor, distribuidor, etc. [s.n.],
Fecha de publicación, distribución, etc. 1989.
Fabricante Impresora Mary
300 ## - DESCRIPCIÓN FÍSICA
Extensión 248 p. :
Otras características físicas il., retrs. ;
Dimensiones 22 cm.
590 ## - NOTA LOCAL (RLIN)
Nota local Inventariado, 2018/BT
600 04 - PUNTO DE ACCESO ADICIONAL DE MATERIA--NOMBRE DE PERSONA
Nombre de persona VIRGEN DE LA ALTAGRACIA
Subdivisión general HISTORIA
9 (RLIN) 2170
600 04 - PUNTO DE ACCESO ADICIONAL DE MATERIA--NOMBRE DE PERSONA
Nombre de persona VIRGEN MARÍA
Subdivisión general CANTICOS
9 (RLIN) 2171
600 04 - PUNTO DE ACCESO ADICIONAL DE MATERIA--NOMBRE DE PERSONA
Nombre de persona VIRGEN MARÍA
Subdivisión general DEVOCIONARIOS
Subdivisión geográfica REPÚBLICA DOMINICANA
9 (RLIN) 2172
910 ## - DATOS DE OPCIÓN DEL USUARIO (OCLC)
Datos de opción del usuario Validado. Control de calidad. EMS
Existencias
Estado de retiro Estado de pérdida Restricciones de uso No para préstamo Código de colección Localización permanente Ubicación/localización actual Ubicación en estantería Fecha de adquisición Número de inventario Total de préstamos Signatura topográfica completa Código de barras Fecha visto por última vez Número de copia Precio válido a partir de Tipo de ítem Koha
  Extraviado     Dominicana de Servicio General General Extraviado 18.04.2011 LF1   232.91097293 R696b 26585-30 25.06.2020 e. 3 25.06.2020 Libro y Folleto Colección Dominicana de Servicio
      Excluido de préstamo Patrimonio Dominicano Patrimonio Dominicano Patrimonio Dominicano Depósito 23.03.2011 LF1   232.91097293 R696b 26585-10 25.06.2020   25.06.2020 Libro y Folleto Colección Patrimonio Dominicano
      Excluido de préstamo Patrimonio Dominicano Patrimonio Dominicano Patrimonio Dominicano Depósito 31.03.2011 LF1   232.91097293 R696b 26585-20 25.06.2020 e. 2 25.06.2020 Libro y Folleto Colección Patrimonio Dominicano

Con tecnología Koha